000 00391nam a2200133Ia 4500
005 20260326100032.0
008 260326s9999||||xx |||||||||||||| ||und||
100 _aBarbara Baer, Capitman
245 0 _aDeco-Delights preserving the beauty and joy of Miami Beach Architecture /
_cCapitman Barbara Baer
260 _bDutton
300 _a116 p.
650 _aARQUITECTURA REGIONAL
942 _cBK
999 _c6658
_d6658